000
00279nam a22001337a 4500
003
SGT
082
_a
340
_b
SEN
100
_a
SEN A C
245
_a
LEGAL & COMMERCIAL DICTIONARY
250
_a
3
260
_a
CALCUTTA
_b
EASTERN LAW HOUSE
_c
1979
300
_a
834
942
_2
ddc
_c
BK
999
_c
28547
_d
28547